{"text_format":"3","workbook":"xlsx","n_sheets":1,"sheets":["t390"],"read":"whole","date_system":"1900"}

{"sheet":"t390","index":0,"n_rows":194,"n_cols":7,"rows_kept":194,"merged":[[0,0,0,6],[30,0,30,5],[52,0,52,5],[159,0,159,5]]}
["TABELA 390.1 - Estatísticas Agrícolas, Município de Palestina, Estado de São Paulo, 2007/08."]
["ITEM","UNIDADE","N.DE UPAs","MÍNIMO","MÉDIO","MÁXIMO","TOTAL"]
["Distância à sede do município","km",969,0.1,{"v":12.33,"d":"12.3"},{"v":40,"d":"40.0"},"-"]
["Área total","hectare",969,0.3,{"v":69.27,"d":"69.3"},{"v":2151,"d":"2,151.0"},{"v":67120.9,"d":"67,120.9"}]
["Área com cultura perene","hectare",192,0.1,{"v":27.46,"d":"27.5"},{"v":412,"d":"412.0"},{"v":5271.5,"d":"5,271.5"}]
["Área com cultura temporária","hectare",437,0.1,{"v":57.19,"d":"57.2"},{"v":1287,"d":"1,287.0"},{"v":24990.7,"d":"24,990.7"}]
["Área com pastagem","hectare",742,0.4,{"v":39,"d":"39.0"},{"v":1602,"d":"1,602.0"},{"v":28936.7,"d":"28,936.7"}]
["Área com reflorestamento","hectare",42,0.1,{"v":7.32,"d":"7.3"},{"v":190,"d":"190.0"},307.6]
["Área com vegetação natural","hectare",411,0.1,{"v":8.55,"d":"8.6"},266.2,{"v":3512.8,"d":"3,512.8"}]
["Área com vegetação de brejo e várzea","hectare",569,0.1,{"v":5.67,"d":"5.7"},{"v":340,"d":"340.0"},{"v":3224.1,"d":"3,224.1"}]
["Área em descanso","hectare",43,0.2,{"v":6.25,"d":"6.3"},126.6,268.6]
["Área complementar","hectare",661,0.1,{"v":0.92,"d":"0.9"},70.8,608.9]
["Área das UPAs com (0, 1] ha","hectare",3,0.3,{"v":0.77,"d":"0.8"},{"v":1,"d":"1.0"},2.3]
["Área das UPAs com (1, 2] ha","hectare",8,1.2,{"v":1.45,"d":"1.5"},{"v":2,"d":"2.0"},11.6]
["Área das UPAs com (2, 5] ha","hectare",53,2.1,{"v":3.78,"d":"3.8"},{"v":5,"d":"5.0"},200.2]
["Área das UPAs com (5, 10] ha","hectare",91,5.1,{"v":6.99,"d":"7.0"},9.7,636.2]
["Área das UPAs com (10, 20] ha","hectare",194,10.2,{"v":14.31,"d":"14.3"},{"v":20,"d":"20.0"},{"v":2775.5,"d":"2,775.5"}]
["Área das UPAs com (20, 50] ha","hectare",310,20.5,{"v":31.78,"d":"31.8"},49.6,{"v":9852.9,"d":"9,852.9"}]
["Área das UPAs com (50, 100] ha","hectare",163,50.2,{"v":71.33,"d":"71.3"},99.3,{"v":11626.8,"d":"11,626.8"}]
["Área das UPAs com (100, 200] ha","hectare",90,101.6,{"v":135.94,"d":"135.9"},{"v":199,"d":"199.0"},{"v":12234.7,"d":"12,234.7"}]
["Área das UPAs com (200, 500] ha","hectare",43,203.3,{"v":322.27,"d":"322.3"},{"v":484,"d":"484.0"},{"v":13857.6,"d":"13,857.6"}]
["Área das UPAs com (500, 1.000] ha","hectare",7,543.1,735.3,837.7,{"v":5147.1,"d":"5,147.1"}]
["Área das UPAs com (1.000, 2.000] ha","hectare",6,{"v":1219.8,"d":"1,219.8"},{"v":1437.5,"d":"1,437.5"},{"v":1573,"d":"1,573.0"},{"v":8625,"d":"8,625.0"}]
["Área das UPAs com (2.000, 5.000] ha","hectare",1,{"v":2151,"d":"2,151.0"},{"v":2151,"d":"2,151.0"},{"v":2151,"d":"2,151.0"},{"v":2151,"d":"2,151.0"}]
["Área das UPAs com (5.000, 10.000] ha","hectare","-","-","-","-","-"]
["Área das UPAs acima de 10.000 ha","hectare","-","-","-","-","-"]
["Familiares do proprietário que trabalham na UPA","unidade",679,{"v":1,"d":"1.0"},{"v":1.21,"d":"1.2"},{"v":6,"d":"6.0"},{"v":823,"d":"823.0"}]
["Trabalhadores permanentes","unidade",206,{"v":1,"d":"1.0"},{"v":2.24,"d":"2.2"},{"v":90,"d":"90.0"},{"v":461,"d":"461.0"}]
["Fonte: Secretaria de Agricultura e Abastecimento, CDRS/IEA, Projeto LUPA."]
[]
["TABELA 390.2 - Explorações Animais, Município de Palestina, Estado de São Paulo, 2007/08."]
["ITEM","UNIDADE","N.DE UPAs","MÍNIMO","MÉDIO","MÁXIMO","TOTAL"]
["Apicultura","colmeias",2,{"v":4,"d":"4.0"},{"v":12,"d":"12.0"},{"v":20,"d":"20.0"},{"v":24,"d":"24.0"}]
["Asininos E Muares","cabeças",7,{"v":1,"d":"1.0"},{"v":2.57,"d":"2.6"},{"v":5,"d":"5.0"},{"v":18,"d":"18.0"}]
["Avicultura de Corte","cabeças/ano",36,{"v":15,"d":"15.0"},{"v":2705.56,"d":"2,705.6"},{"v":96000,"d":"96,000.0"},{"v":97400,"d":"97,400.0"}]
["Avicultura Ornamental/Decorativa/Exótica","cabeças",4,{"v":2,"d":"2.0"},{"v":30.25,"d":"30.3"},{"v":65,"d":"65.0"},{"v":121,"d":"121.0"}]
["Avicultura para Ovos","cabeças",201,{"v":1,"d":"1.0"},{"v":43.52,"d":"43.5"},{"v":150,"d":"150.0"},{"v":8747,"d":"8,747.0"}]
["Bovinocultura de Corte","cabeças",169,{"v":2,"d":"2.0"},{"v":111.24,"d":"111.2"},{"v":1992,"d":"1,992.0"},{"v":18799,"d":"18,799.0"}]
["Bovinocultura Leiteira","cabeças",146,{"v":1,"d":"1.0"},{"v":28.36,"d":"28.4"},{"v":200,"d":"200.0"},{"v":4140,"d":"4,140.0"}]
["Bovinocultura Mista","cabeças",339,{"v":1,"d":"1.0"},{"v":56.76,"d":"56.8"},{"v":623,"d":"623.0"},{"v":19242,"d":"19,242.0"}]
["Bubalinocultura","cabeças",2,{"v":20,"d":"20.0"},{"v":25,"d":"25.0"},{"v":30,"d":"30.0"},{"v":50,"d":"50.0"}]
["Caprinocultura","cabeças",5,{"v":5,"d":"5.0"},{"v":9,"d":"9.0"},{"v":12,"d":"12.0"},{"v":45,"d":"45.0"}]
["Carcinocultura","pós-larvas",1,{"v":70,"d":"70.0"},{"v":70,"d":"70.0"},{"v":70,"d":"70.0"},{"v":70,"d":"70.0"}]
["Cunicultura","cabeças",2,{"v":20,"d":"20.0"},{"v":35,"d":"35.0"},{"v":50,"d":"50.0"},{"v":70,"d":"70.0"}]
["Equinocultura","cabeças",385,{"v":1,"d":"1.0"},{"v":2.68,"d":"2.7"},{"v":30,"d":"30.0"},{"v":1030,"d":"1,030.0"}]
["Javalis (Criadouro)","cabeças",1,{"v":10,"d":"10.0"},{"v":10,"d":"10.0"},{"v":10,"d":"10.0"},{"v":10,"d":"10.0"}]
["Outra Exploração Animal","cabeças",2,{"v":10,"d":"10.0"},17.5,{"v":25,"d":"25.0"},{"v":35,"d":"35.0"}]
["Ovinocultura","cabeças",46,{"v":1,"d":"1.0"},{"v":21.98,"d":"22.0"},{"v":100,"d":"100.0"},{"v":1011,"d":"1,011.0"}]
["Piscicultura","m² tanques",2,{"v":1,"d":"1.0"},90.5,{"v":180,"d":"180.0"},{"v":181,"d":"181.0"}]
["Suinocultura","cabeças",190,{"v":1,"d":"1.0"},{"v":10.34,"d":"10.3"},{"v":50,"d":"50.0"},{"v":1964,"d":"1,964.0"}]
["Fonte: Secretaria de Agricultura e Abastecimento, CDRS/IEA, Projeto LUPA."]
[]
["TABELA 390.3 -  Máquinas, Implementos e Benfeitorias, Município de Palestina, Estado de São Paulo, 2007/08."]
["ITEM","UNIDADE","N.DE UPAs","MÍNIMO","MÉDIO","MÁXIMO","TOTAL"]
["Arado Comum (Bacia, Aiveca)","Unidade",185,{"v":1,"d":"1.0"},{"v":1.35,"d":"1.4"},{"v":5,"d":"5.0"},{"v":250,"d":"250.0"}]
["Arado Escarificador","Unidade",43,{"v":1,"d":"1.0"},1.3,{"v":7,"d":"7.0"},{"v":56,"d":"56.0"}]
["Arado Subsolador","Unidade",23,{"v":1,"d":"1.0"},{"v":1.22,"d":"1.2"},{"v":5,"d":"5.0"},{"v":28,"d":"28.0"}]
["Batedeira de Cereais","Unidade",4,{"v":1,"d":"1.0"},{"v":1,"d":"1.0"},{"v":1,"d":"1.0"},{"v":4,"d":"4.0"}]
["Câmara Fria","Unidade",1,{"v":3,"d":"3.0"},{"v":3,"d":"3.0"},{"v":3,"d":"3.0"},{"v":3,"d":"3.0"}]
["Carregadeira de Cana","Unidade",2,{"v":2,"d":"2.0"},{"v":16,"d":"16.0"},{"v":30,"d":"30.0"},{"v":32,"d":"32.0"}]
["Colhedeira Acoplada","Unidade",1,{"v":1,"d":"1.0"},{"v":1,"d":"1.0"},{"v":1,"d":"1.0"},{"v":1,"d":"1.0"}]
["Colhedeira Automotriz","Unidade",8,{"v":1,"d":"1.0"},{"v":2.38,"d":"2.4"},{"v":12,"d":"12.0"},{"v":19,"d":"19.0"}]
["Computador","Unidade",6,{"v":1,"d":"1.0"},{"v":1.83,"d":"1.8"},{"v":5,"d":"5.0"},{"v":11,"d":"11.0"}]
["Conj.Irrigação Autopropelido","Unidade",2,{"v":1,"d":"1.0"},6.5,{"v":12,"d":"12.0"},{"v":13,"d":"13.0"}]
["Conj.Irrigação Convencional","Unidade",1,{"v":1,"d":"1.0"},{"v":1,"d":"1.0"},{"v":1,"d":"1.0"},{"v":1,"d":"1.0"}]
["Conj.Irrigação Pivot Central","Unidade",7,{"v":1,"d":"1.0"},{"v":1.14,"d":"1.1"},{"v":2,"d":"2.0"},{"v":8,"d":"8.0"}]
["Conj.Irrigação/Gotejamento/Microaspersão","Unidade",7,{"v":1,"d":"1.0"},{"v":1,"d":"1.0"},{"v":1,"d":"1.0"},{"v":7,"d":"7.0"}]
["Desintegrador de Palha (Plantio Direto)","Unidade",2,{"v":1,"d":"1.0"},{"v":1,"d":"1.0"},{"v":1,"d":"1.0"},{"v":2,"d":"2.0"}]
["Desintegrador, Picador, Triturador","Unidade",226,{"v":1,"d":"1.0"},{"v":1.15,"d":"1.2"},{"v":3,"d":"3.0"},{"v":260,"d":"260.0"}]
["Distribuidor de Calcário","Unidade",45,{"v":1,"d":"1.0"},{"v":1.11,"d":"1.1"},{"v":3,"d":"3.0"},{"v":50,"d":"50.0"}]
["Ensiladeira","Unidade",53,{"v":1,"d":"1.0"},{"v":1.17,"d":"1.2"},{"v":3,"d":"3.0"},{"v":62,"d":"62.0"}]
["Grade Aradora (Tipo Romi)","Unidade",51,{"v":1,"d":"1.0"},{"v":1.51,"d":"1.5"},{"v":7,"d":"7.0"},{"v":77,"d":"77.0"}]
["Grade Niveladora","Unidade",201,{"v":1,"d":"1.0"},{"v":1.17,"d":"1.2"},{"v":4,"d":"4.0"},{"v":236,"d":"236.0"}]
["Implementos para Tração Animal","Unidade",6,{"v":1,"d":"1.0"},{"v":2.83,"d":"2.8"},{"v":6,"d":"6.0"},{"v":17,"d":"17.0"}]
["Máquina de Classificar Ovo","Unidade",1,{"v":3,"d":"3.0"},{"v":3,"d":"3.0"},{"v":3,"d":"3.0"},{"v":3,"d":"3.0"}]
["Misturador de Ração","Unidade",9,{"v":1,"d":"1.0"},{"v":1,"d":"1.0"},{"v":1,"d":"1.0"},{"v":9,"d":"9.0"}]
["Ordenhadeira Mecânica","Unidade",10,{"v":1,"d":"1.0"},{"v":1,"d":"1.0"},{"v":1,"d":"1.0"},{"v":10,"d":"10.0"}]
["Pulverizador Tratorizado","Unidade",89,{"v":1,"d":"1.0"},{"v":1.55,"d":"1.6"},{"v":8,"d":"8.0"},{"v":138,"d":"138.0"}]
["Resfriador de Leite, Tanque Expansão","Unidade",24,{"v":1,"d":"1.0"},{"v":1.04,"d":"1.0"},{"v":2,"d":"2.0"},{"v":25,"d":"25.0"}]
["Semeadeira/Adubadeira para Plantio Convencional","Unidade",68,{"v":1,"d":"1.0"},{"v":1.04,"d":"1.0"},{"v":3,"d":"3.0"},{"v":71,"d":"71.0"}]
["Semeadeira/Plantadeira Plantio Direto","Unidade",11,{"v":1,"d":"1.0"},{"v":1.09,"d":"1.1"},{"v":2,"d":"2.0"},{"v":12,"d":"12.0"}]
["Terraceador","Unidade",5,{"v":1,"d":"1.0"},1.2,{"v":2,"d":"2.0"},{"v":6,"d":"6.0"}]
["Trator de Esteiras","Unidade",4,{"v":1,"d":"1.0"},{"v":1.25,"d":"1.3"},{"v":2,"d":"2.0"},{"v":5,"d":"5.0"}]
["Trator de Pneus","Unidade",247,{"v":1,"d":"1.0"},{"v":1.36,"d":"1.4"},{"v":6,"d":"6.0"},{"v":335,"d":"335.0"}]
["Açude/Represa","Unidade",324,{"v":1,"d":"1.0"},{"v":1.57,"d":"1.6"},{"v":8,"d":"8.0"},{"v":509,"d":"509.0"}]
["Almoxarifado/Oficina","Unidade",11,{"v":1,"d":"1.0"},{"v":1.27,"d":"1.3"},{"v":2,"d":"2.0"},{"v":14,"d":"14.0"}]
["Armazém para Grãos Ensacados","Sacas",13,{"v":1,"d":"1.0"},{"v":116.38,"d":"116.4"},{"v":1500,"d":"1,500.0"},{"v":1513,"d":"1,513.0"}]
["Balança para Bovinos","Unidade",17,{"v":1,"d":"1.0"},{"v":1.06,"d":"1.1"},{"v":2,"d":"2.0"},{"v":18,"d":"18.0"}]
["Balança para Veículos","Unidade",1,{"v":1,"d":"1.0"},{"v":1,"d":"1.0"},{"v":1,"d":"1.0"},{"v":1,"d":"1.0"}]
["Barracão para Granja/Avicultura","Unidade",3,{"v":1,"d":"1.0"},{"v":5.67,"d":"5.7"},{"v":12,"d":"12.0"},{"v":17,"d":"17.0"}]
["Barracão/Galpão/Garagem","Unidade",298,{"v":1,"d":"1.0"},1.2,{"v":5,"d":"5.0"},{"v":358,"d":"358.0"}]
["Biodigestor","Unidade",1,{"v":1,"d":"1.0"},{"v":1,"d":"1.0"},{"v":1,"d":"1.0"},{"v":1,"d":"1.0"}]
["Casa de Moradia Habitada","Unidade",466,{"v":1,"d":"1.0"},{"v":1.32,"d":"1.3"},{"v":6,"d":"6.0"},{"v":615,"d":"615.0"}]
["Casa de Moradia Total","Unidade",409,{"v":1,"d":"1.0"},{"v":1.63,"d":"1.6"},{"v":7,"d":"7.0"},{"v":665,"d":"665.0"}]
["Curral/Mangueira","Unidade",543,{"v":1,"d":"1.0"},{"v":1.11,"d":"1.1"},{"v":7,"d":"7.0"},{"v":602,"d":"602.0"}]
["Depósito/Tulha","Unidade",387,{"v":1,"d":"1.0"},{"v":1.13,"d":"1.1"},{"v":4,"d":"4.0"},{"v":438,"d":"438.0"}]
["Engenho","Unidade",1,{"v":1,"d":"1.0"},{"v":1,"d":"1.0"},{"v":1,"d":"1.0"},{"v":1,"d":"1.0"}]
["Estábulo","Unidade",4,{"v":1,"d":"1.0"},{"v":1,"d":"1.0"},{"v":1,"d":"1.0"},{"v":4,"d":"4.0"}]
["Estufa/Plasticultura","m²",2,{"v":5,"d":"5.0"},236.5,{"v":468,"d":"468.0"},{"v":473,"d":"473.0"}]
["Fábrica de Ração","Unidade",1,{"v":1,"d":"1.0"},{"v":1,"d":"1.0"},{"v":1,"d":"1.0"},{"v":1,"d":"1.0"}]
["Instalações para Equinos","Unidade",3,{"v":1,"d":"1.0"},{"v":1,"d":"1.0"},{"v":1,"d":"1.0"},{"v":3,"d":"3.0"}]
["Packing House","Unidade",1,{"v":1,"d":"1.0"},{"v":1,"d":"1.0"},{"v":1,"d":"1.0"},{"v":1,"d":"1.0"}]
["Pocilga","Unidade",72,{"v":1,"d":"1.0"},{"v":1.04,"d":"1.0"},{"v":3,"d":"3.0"},{"v":75,"d":"75.0"}]
["Poço Semi-Artesiano","Unidade",180,{"v":1,"d":"1.0"},{"v":1.03,"d":"1.0"},{"v":2,"d":"2.0"},{"v":185,"d":"185.0"}]
["Posto Meteorológico","Unidade",1,{"v":1,"d":"1.0"},{"v":1,"d":"1.0"},{"v":1,"d":"1.0"},{"v":1,"d":"1.0"}]
["Silo para Silagem","t",61,{"v":1,"d":"1.0"},{"v":149.74,"d":"149.7"},{"v":1000,"d":"1,000.0"},{"v":9134,"d":"9,134.0"}]
["Terreiro","m²",8,{"v":1,"d":"1.0"},{"v":100.13,"d":"100.1"},{"v":200,"d":"200.0"},{"v":801,"d":"801.0"}]
["Usina de Açúcar/destilaria","Unidade",1,{"v":1,"d":"1.0"},{"v":1,"d":"1.0"},{"v":1,"d":"1.0"},{"v":1,"d":"1.0"}]
["Fonte: Secretaria de Agricultura e Abastecimento, CDRS/IEA, Projeto LUPA."]
[]
["TABELA 390.4 - Outras Estatísticas Agrícolas, Município de Palestina, Estado de São Paulo, 2007/08."]
["ITEM","Número de UPAs",null,"Percentual"]
["Faz Parte de Associação de Produtores",59,null,{"v":6.07621009268795,"d":"6.1"}]
["Faz Parte de Cooperativa de Produtores",269,null,{"v":27.703398558187434,"d":"27.7"}]
["Faz Parte do Sindicato de Produtores",213,null,{"v":21.936148300720905,"d":"21.9"}]
["Não utiliza assistência técnica ",181,null,{"v":18.640576725025745,"d":"18.6"}]
["Utiliza somente assistência técnica governamental ",189,null,{"v":19.464469618949536,"d":"19.5"}]
["Utiliza somente assistência técnica privada ",77,null,{"v":7.929969104016478,"d":"7.9"}]
["Utiliza assistência técnica tanto governamental quanto privada",522,null,{"v":53.75901132852729,"d":"53.8"}]
["Utiliza Crédito Rural",138,null,{"v":14.212152420185374,"d":"14.2"}]
["Utiliza Seguro Rural",19,null,{"v":1.9567456230690012,"d":"2.0"}]
["Utiliza Escrituração Agrícola",76,null,{"v":7.826982492276005,"d":"7.8"}]
["Acessa Internet p/ Fins na Agropecuária",34,null,{"v":3.5015447991761075,"d":"3.5"}]
["Utiliza Computador nas Atividades Agropecuárias",21,null,{"v":2.1627188465499487,"d":"2.2"}]
["Utiliza Energia Elétrica Para Uso na Atividade Agrícola",730,null,{"v":75.18022657054583,"d":"75.2"}]
["Realiza Análise de Solo, quando necessário",628,null,{"v":64.6755921730175,"d":"64.7"}]
["Utiliza Práticas de Conservação de Solo, quando necessário",752,null,{"v":77.44593202883625,"d":"77.4"}]
["Faz Adubação Mineral, quando necessário",676,null,{"v":69.61894953656024,"d":"69.6"}]
["Faz Adubação Orgânica, quando necessário",56,null,{"v":5.76725025746653,"d":"5.8"}]
["Faz Adubação Verde, quando necessário",19,null,{"v":1.9567456230690012,"d":"2.0"}]
["Utiliza Manejo Integrado de Pragas (MIP)",2,null,{"v":0.2059732234809475,"d":"0.2"}]
["Utiliza Hidroponia","-",null,"-"]
["Utiliza Plasticultura","-",null,"-"]
["Utiliza Mudas Fiscalizadas",96,null,{"v":9.88671472708548,"d":"9.9"}]
["Utiliza Semente Melhorada",138,null,{"v":14.212152420185374,"d":"14.2"}]
["Faz Confinamento de Bovinos",21,null,{"v":2.1627188465499487,"d":"2.2"}]
["Utiliza Pastejo Intensivo",389,null,{"v":40.06179196704428,"d":"40.1"}]
["Faz Inseminação Artificial",17,null,{"v":1.7507723995880538,"d":"1.8"}]
["Faz Mineralização do Rebanho",556,null,{"v":57.2605561277034,"d":"57.3"}]
["Faz Vermifugação do Rebanho",556,null,{"v":57.2605561277034,"d":"57.3"}]
["Possui Parceiros /Arrendatários na Exploração Animal",89,null,{"v":9.165808444902163,"d":"9.2"}]
["Esporte e lazer","-",null,"-"]
["Extração mineral","-",null,"-"]
["Hotel Fazenda, Pousada ou SPA","-",null,"-"]
["Pesque-pague","-",null,"-"]
["Restaurante ou Lanchonete","-",null,"-"]
["Transformação artesanal","-",null,"-"]
["Turismo rural ou ecoturismo","-",null,"-"]
["Outras atividades econômicas rurais","-",null,"-"]
["Agroindústria","-",null,"-"]
["Proprietário sem instrução ou com instrução incompleta",194,null,{"v":19.979402677651905,"d":"20.0"}]
["Proprietário com antigo primário completo",319,null,{"v":32.85272914521112,"d":"32.9"}]
["Proprietário com 1° grau (ou antigo ginasial) completo",157,null,{"v":16.168898043254377,"d":"16.2"}]
["Proprietário com 2° grau (ou antigo colegial) completo",131,null,{"v":13.49124613800206,"d":"13.5"}]
["Proprietário com curso superior completo ",166,null,{"v":17.09577754891864,"d":"17.1"}]
["Pessoa Jurídica",2,null,{"v":0.2059732234809475,"d":"0.2"}]
["Proprietário residente na própria UPA ",195,null,{"v":20.082389289392378,"d":"20.1"}]
["Fonte: Secretaria de Agricultura e Abastecimento, CDRS/IEA, Projeto LUPA."]
[]
["TABELA 390.5 - Área Cultivada, Município de Palestina, Estado de São Paulo, 2007/08."]
["CULTURA","N.DE UPAs","MÍNIMO","MÉDIO","MÁXIMO","TOTAL"]
["Braquiaria",740,0.4,{"v":38.43,"d":"38.4"},{"v":1602,"d":"1,602.0"},{"v":28440.7,"d":"28,440.7"}]
["Cana-de-acucar",299,0.2,{"v":72.94,"d":"72.9"},{"v":1280,"d":"1,280.0"},{"v":21808.6,"d":"21,808.6"}]
["Laranja",81,0.5,{"v":43.86,"d":"43.9"},{"v":412,"d":"412.0"},{"v":3552.3,"d":"3,552.3"}]
["Milho",167,0.3,16.5,{"v":180,"d":"180.0"},{"v":2756.3,"d":"2,756.3"}]
["Seringueira",99,{"v":2,"d":"2.0"},{"v":16.23,"d":"16.2"},87.2,{"v":1606.8,"d":"1,606.8"}]
["Coloniao",4,2.2,120.8,{"v":258,"d":"258.0"},483.2]
["Eucalipto",42,0.1,{"v":7.32,"d":"7.3"},{"v":190,"d":"190.0"},307.6]
["Soja",1,{"v":170,"d":"170.0"},{"v":170,"d":"170.0"},{"v":170,"d":"170.0"},{"v":170,"d":"170.0"}]
["Crotalaria",2,{"v":14,"d":"14.0"},74.3,134.6,148.6]
["Manga",11,0.5,{"v":8.53,"d":"8.5"},{"v":29,"d":"29.0"},93.8]
["Sorgo",3,{"v":4,"d":"4.0"},{"v":10.57,"d":"10.6"},{"v":18,"d":"18.0"},31.7]
["Milho-silagem",8,1.2,{"v":3.49,"d":"3.5"},4.8,27.9]
["Milho-doce",2,0.1,{"v":11.05,"d":"11.1"},{"v":22,"d":"22.0"},22.1]
["Feijao-guandu (ou guandu, ou andu)",1,{"v":20,"d":"20.0"},{"v":20,"d":"20.0"},{"v":20,"d":"20.0"},{"v":20,"d":"20.0"}]
["Amendoim",1,9.1,9.1,9.1,9.1]
["Cafe",12,0.1,{"v":0.64,"d":"0.6"},{"v":2,"d":"2.0"},7.7]
["Sorgo-forrageiro",2,2.4,{"v":2.85,"d":"2.9"},3.3,5.7]
["Limao",1,{"v":5,"d":"5.0"},{"v":5,"d":"5.0"},{"v":5,"d":"5.0"},{"v":5,"d":"5.0"}]
["Gramas",2,0.5,{"v":2.25,"d":"2.3"},{"v":4,"d":"4.0"},4.5]
["Viveiro de seringueira",3,0.3,1.1,{"v":2,"d":"2.0"},3.3]
["Capim-napier (ou capim-elefante)",2,0.6,1.3,{"v":2,"d":"2.0"},2.6]
["Coco-da-baia",2,{"v":1,"d":"1.0"},1.1,1.2,2.2]
["Palmito",1,1.5,1.5,1.5,1.5]
["Abobora (ou jerimum)",3,0.1,{"v":0.27,"d":"0.3"},0.5,0.8]
["Alface",3,0.2,{"v":0.23,"d":"0.2"},0.3,0.7]
["Arroz",1,0.6,0.6,0.6,0.6]
["Couve (ou couve-crespa)",2,0.1,0.2,0.3,0.4]
["Abacate",1,0.3,0.3,0.3,0.3]
["Feijao-vagem (ou vagem, ou feijao-verde)",1,0.3,0.3,0.3,0.3]
["Horta domestica",1,0.2,0.2,0.2,0.2]
["Outras olericolas",1,0.2,0.2,0.2,0.2]
["Pomar domestico",1,0.1,0.1,0.1,0.1]
["Fonte: Secretaria de Agricultura e Abastecimento, CDRS/IEA, Projeto LUPA."]